000 00961nam a2200265Ia 4500
003 OSt
005 20220923211042.0
006 a|||||r|||| 00| 0
007 ta
008 220922b |||||||| |||| 00| 0 pan d
020 _a8173808090
_c120
024 _a260,611
037 _b556, 14/12/2011, H.K. Prakashan
_cTextual
040 _aARTS
_cARTS
_bpan
041 _2pan
_apan
082 _aY15, 153P2
100 _aਬਰਾੜ, ਬਲਵਿੰਦਰ ਕੌਰ
_9157651
245 0 _aਨਾਰੀਵਾਦ
_b ਸਿਧਾਂਤ ਚਿੰਤਨ ਅਤੇ ਵਿਹਾਰ
260 _aਪਟਿਆਲਾ
_b ਪਬਲੀਕੇFਨ ਬਿਊਰੋ
_c2002
300 _a84ਪੰ
_ccm.
650 _a ਨਾਰੀਵਾਦ
_9157652
650 _aਸਰੁਾਂਜ਼ FੳFਞਟਾਂਨ
_9157653
942 _hY15, 153P2
_cTEXL
_2CC
999 _c294545
_d294545